|
|
|
|
| LEADER |
00000nab a2200000ua 4500 |
| 001 |
vtls010764348 |
| 003 |
SK-MaSNL |
| 005 |
20260304202428.0 |
| 008 |
250718s1958 xo |||||||||||||||||slo| |
| 035 |
|
|
|a (urnnbn)urn:nbn:sk:snk:ar-a029nj
|
| 035 |
|
|
|a (uuid)2b64d6de-9032-48d9-bbe5-b37c3a9ed254
|
| 035 |
|
|
|a urn:nbn:sk:snk-ab4ihq
|
| 040 |
|
|
|a SNKBUCL
|b slo
|c SNKBUCL
|e AACR2
|
| 041 |
0 |
|
|a eng
|
| 044 |
|
|
|a xo
|c SK
|
| 100 |
1 |
|
|a Hamar, M.
|4 aut
|9 1534451
|
| 245 |
1 |
0 |
|a Morphology of the Type D Influenza Virus (Sendai Strain)
|c M. Hamar, M. Rosenberg
|
| 700 |
1 |
|
|a Rosenberg, M.
|4 aut
|9 1113624
|
| 773 |
0 |
|
|t Acta virologica
|g Roč. 2, č. 1 (1958), s. 65-[68b]
|
| 850 |
|
|
|a Slovenská národná knižnica
|
| 852 |
|
|
|a Slovenská národná knižnica
|
| 958 |
|
|
|a article3
|
| 958 |
|
|
|a OND
|
| 958 |
|
|
|a EUIPO
|
| 999 |
|
|
|c 3103021
|d 3104951
|